000 00217nam a2200097Ia 4500
008 240331s9999 xx 000 0 und d
082 _bRAJ
100 _aRajadurai,J
245 0 _aEelaththu thamil arangil pen
942 _cL
999 _c4625
_d4625